00763nam a2200229 a 4500001000900000005001700009008004100026020001500067040001800082050002400100100001900124245006000143260005200203300004200255500003500297504003200332610003200364650005700396650002400453650003700477710001900514BRCA_36020190320202956.0921116s1992 dcua---##b---#001-0#eng-# a1560982438 aDLCcDLCdDLC 4aND1053.5b.C58 19921 aClark, Timothy10aUkiyo-e Paintings in the British MuseumcTimothy Clark. aWashington, D.C.bSmithsonian Institutionc1992 a256 p.bil. (algunas a color)c28 cm. aDonación Fundación Japón aBibliografía : p. 241-25024aBritish MuseumvCatálogos14aPintura japonesavCatálogosyPeriod Edo, 1699-186814aUkiyoevCatálogos14aPinturavCatálogoszInglaterra2 aBritish Museum